Esculturas etruscas

Đã lưu trong:
Chi tiết về thư mục
Tác giả chính: Richardson, Emeline (Tác giả)
Định dạng: Sách
Ngôn ngữ:Tiếng Tây Ban Nha
Được phát hành: Ciudad de México Hermes 1966
Loạt:Unesco Hermes Bolsilibros de Arte
Những chủ đề:
Các nhãn: Thêm thẻ
Không có thẻ, Là người đầu tiên thẻ bản ghi này!

MARC

LEADER 00000nam a2200000 a 4500
001 UCY6819
003 CL-VaPUC
008 950602e19660000MX |||||||||||||||||spa|d
082 0 4 |a 733.4  |b RIC  |2 21 
100 0 |a Richardson, Emeline  |e author  |9 336867 
245 1 0 |a Esculturas etruscas 
300 |a 24 p + 32 lam. 
942 |c BK 
945 |d 19950602 00:00:00  |a rbrito 
260 |a Ciudad de México  |b Hermes  |c 1966 
650 0 |a Etruscos  |9 267523 
650 0 |a Escultura  |9 265737 
583 |a last modification  |c 19950602 00:00:00  |k Rodrigo Vera 
490 0 |a Unesco Hermes Bolsilibros de Arte 
999 |c 234317  |d 234315 
952 |0 0  |1 0  |4 0  |6 733_400000000000000_RIC_1966  |7 0  |8 X  |9 240471  |a BIBHIS  |b BIBHIS  |d 2019-11-18  |i 3089282  |o 733.4 RIC 1966  |p 3089282  |r 2024-01-30  |w 2019-11-18  |y BK_X  |k HIS 
952 |0 0  |1 0  |4 0  |6 733_400000000000000_RIC_1966  |7 0  |8 P  |9 240472  |a BIBARQ  |b BIBARQ  |d 2019-11-18  |i 3620654  |o 733.4 RIC 1966  |p 3620654  |r 2025-01-20  |w 2019-11-18  |y BK  |k ARQ